Foresighted Amedkar: (Record no. 1464847)

MARC details
000 -LEADER
fixed length control field 00855 a2200253 4500
005 - DATE AND TIME OF LATEST TRANSACTION
control field 20251128121307.0
008 - FIXED-LENGTH DATA ELEMENTS--GENERAL INFORMATION
fixed length control field 251128b |||||||| |||| 00| 0 eng d
020 ## - INTERNATIONAL STANDARD BOOK NUMBER
International Standard Book Number 97806700997401 (hbk)
037 ## - SOURCE OF ACQUISITION
Terms of availability TB
040 ## - CATALOGING SOURCE
Original cataloging agency AL
Transcribing agency AL
041 ## - LANGUAGE CODE
Source of code eng
Language code of text/sound track or separate title eng
084 ## - COLON CLASSIFICATION NUMBER
Classification number V2y7M91 R4
Assigning agency AL
100 ## - MAIN ENTRY--PERSONAL NAME
Personal name Bhaskar, Anurag
9 (RLIN) 848736
245 ## - TITLE STATEMENT
Title Foresighted Amedkar:
Remainder of title ideas that shaped Indian constitutional discourse
260 ## - PUBLICATION, DISTRIBUTION, ETC.
Place of publication, distribution, etc. Gurugram, India:
Name of publisher, distributor, etc. Penguin Viking,
Date of publication, distribution, etc. 2024.
300 ## - PHYSICAL DESCRIPTION
Extent x, 385p.
365 ## - TRADE PRICE
Price amount 799.00
Currency code INR
650 ## - SUBJECT ADDED ENTRY--TOPICAL TERM
Topical term or geographic name entry element Ambedkar, Bhim Rao
9 (RLIN) 853474
650 ## - SUBJECT ADDED ENTRY--TOPICAL TERM
Topical term or geographic name entry element India - History
9 (RLIN) 853475
650 ## - SUBJECT ADDED ENTRY--TOPICAL TERM
Topical term or geographic name entry element Constitutional History
9 (RLIN) 853476
650 ## - SUBJECT ADDED ENTRY--TOPICAL TERM
Topical term or geographic name entry element History
9 (RLIN) 853477
942 ## - ADDED ENTRY ELEMENTS (KOHA)
Koha item type Textbook
Source of classification or shelving scheme Colon Classification (CC)
Suppress in OPAC No
Classification part V2y7M91 R4
Holdings
Withdrawn status Lost status Source of classification or shelving scheme Damaged status Not for loan Home library Current library Date acquired Source of acquisition Cost, normal purchase price Inventory number Total Checkouts Full call number Barcode Date last seen Cost, replacement price Price effective from Koha item type
    Colon Classification (CC)     Central Library Central Library 2025-11-07 4/ Classic Book Service 639.20 077 & 2025-10-31   V2y7M91 R4 AL1804935 2025-11-07 799.00 2025-11-07 Textbook
Copyright @ Delhi University Library System